[Event "Isle of Wight International"]
[Site "Ryde"]
[Date "2025.02.18"]
[Round "2.45"]
[White "Bugaj, Hanna"]
[Black "Brett, Andrew R"]
[Result "1-0"]
[WhiteElo "1903"]
[BlackElo "2047"]
[PlyCount "97"]
[EventDate "2025.02.18"]
[EventType "swiss"]
[EventRounds "9"]
[EventCountry "ENG"]
[SourceTitle "BritBase"]
[Source "John Saunders"]
[SourceDate "2025.02.21"]
[SourceVersion "1"]
[SourceVersionDate "2025.02.21"]
[SourceQuality "1"]

1. d4 Nf6 2. Nf3 d5 3. c4 e6 4. g3 dxc4 5. Qa4+ Nbd7 6. Qxc4 a6 7. Bg2 c5 8. dxc5 Bxc5 9. O-O b5 10. Qc2 Bb7 11. Bg5 Rc8 12. Qb3 Qb6 13. Bxf6 Nxf6 14. Nc3 Ng4 15. e3 O-O 16. h3 Nf6 17. Rad1 Qc7 18. a3 Nd5 19. Kh2 Qb8 20. Nd4 Nxc3 21. Qxc3 Bxg2 22. Kxg2 Qb7+ 23. Kh2 Rfd8 24. Nxe6 fxe6 25. Rxd8+ Rxd8 26. Qxc5 Rd5 27. Qc3 Qd7 28. Rc1 Rd2 29. Rc2 Rxc2 30. Qxc2 h6 31. Qc3 Kh7 32. Qd4 Qc6 33. Qd3+ Kh8 34. Qd8+ Kh7 35. Qd3+ Kh8 36. e4 Qc5 37. Kg2 Qe5 38. b4 Kh7 39. h4 h5 40. Qf3 g6 41. Qf7+ Kh8 42. Qxg6 Qb2 43. Qxh5+ Kg7 44. Qf3 Qd2 45. e5 Qd7 46. h5 Qd4 47. Qf6+ Kh7 48. h6 Qe4+ 49. Kh2 1-0

[Event "Isle of Wight International"]
[Site "Ryde"]
[Date "2025.02.18"]
[Round "2.46"]
[White "Lishoy Gengis Paratazham, Dildarav"]
[Black "McMahon, Paul"]
[Result "1-0"]
[WhiteElo "2045"]
[BlackElo "1919"]
[PlyCount "59"]
[EventDate "2025.02.18"]
[EventType "swiss"]
[EventRounds "9"]
[EventCountry "ENG"]
[SourceTitle "BritBase"]
[Source "John Saunders"]
[SourceDate "2025.02.21"]
[SourceVersion "1"]
[SourceVersionDate "2025.02.21"]
[SourceQuality "1"]

1. e4 d5 2. exd5 Qxd5 3. Nc3 Qd6 4. d4 Nf6 5. Nf3 a6 6. Be3 Bg4 7. h3 Bh5 8. g4 Bg6 9. Ne5 Nd5 10. Nxd5 Qxd5 11. Rg1 e6 12. Bg2 Qa5+ 13. c3 c6 14. h4 f6 15. Nxg6 hxg6 16. Qb3 Qc7 17. Qxe6+ Be7 18. O-O-O Nd7 19. Rge1 Nf8 20. Qe4 O-O-O 21. h5 f5 22. gxf5 gxh5 23. Bf4 Bd6 24. Bg5 Nd7 25. Bxd8 Qxd8 26. Kb1 Kc7 27. c4 Bb4 28. Re3 Nf6 29. Qf3 Kb8 30. Rb3 1-0

[Event "Isle of Wight International"]
[Site "Ryde"]
[Date "2025.02.18"]
[Round "2.47"]
[White "Sivanesan, Subramanian"]
[Black "Duke, Michael"]
[Result "1/2-1/2"]
[WhiteElo "1894"]
[BlackElo "2045"]
[PlyCount "118"]
[EventDate "2025.02.18"]
[EventType "swiss"]
[EventRounds "9"]
[EventCountry "ENG"]
[SourceTitle "BritBase"]
[Source "John Saunders"]
[SourceDate "2025.02.21"]
[SourceVersion "1"]
[SourceVersionDate "2025.02.21"]
[SourceQuality "1"]

1. e4 c5 2. Nf3 Nc6 3. d4 cxd4 4. Nxd4 Nf6 5. Nc3 h5 6. Be2 g6 7. Nxc6 bxc6 8. e5 Nh7 9. Be3 Qa5 10. f4 Rb8 11. Qc1 Bg7 12. O-O d6 13. Bf3 d5 14. a3 Ba6 15. Rf2 Qc7 16. Na4 Bc8 17. c4 Qd7 18. Nc5 Qd8 19. cxd5 cxd5 20. Rd2 e6 21. Ne4 O-O 22. Bxa7 Qa5 23. Bxb8 dxe4 24. Bxe4 Qb6+ 25. Kh1 Qxb8 26. Qc6 Bh6 27. Rf1 Qa7 28. g3 h4 29. Rfd1 hxg3 30. hxg3 Qe3 31. Rd3 Qf2 32. Bg2 g5 33. Qf3 Qxb2 34. Rd8 Ba6 35. Qh5 Bb7 36. R1d2 Bxg2+ 37. Rxg2 Qc1+ 38. Rd1 Qxa3 39. Qxh6 Qf3 40. Rdg1 g4 41. Kh2 Rc8 42. Rd2 Nf8 43. Qg5+ Kh7 44. Rgd1 Rc3 45. Qh4+ Kg7 46. Qf6+ Kg8 47. Qg5+ Kh7 48. Qh5+ Kg7 49. Rg1 Re3 50. Qg5+ Kh7 51. Qf6 Kg8 52. Rgg2 Re1 53. Rg1 Rxg1 54. Kxg1 Qe3+ 55. Rf2 Qxg3+ 56. Rg2 Qe3+ 57. Kh2 Qh3+ 58. Kg1 Qe3+ 59. Kh2 Qh3+ 1/2-1/2

[Event "Isle of Wight International"]
[Site "Ryde"]
[Date "2025.02.18"]
[Round "2.48"]
[White "Fathallah, Joe"]
[Black "Hu, Junyan"]
[Result "1/2-1/2"]
[WhiteElo "2044"]
[BlackElo "1895"]
[PlyCount "155"]
[EventDate "2025.02.18"]
[EventType "swiss"]
[EventRounds "9"]
[EventCountry "ENG"]
[SourceTitle "BritBase"]
[Source "John Saunders"]
[SourceDate "2025.02.21"]
[SourceVersion "1"]
[SourceVersionDate "2025.02.21"]
[SourceQuality "1"]

1. d4 Nf6 2. c4 e6 3. Nf3 d5 4. g3 dxc4 5. Bg2 c5 6. O-O Nc6 7. dxc5 Qxd1 8. Rxd1 Bxc5 9. Nbd2 c3 10. bxc3 O-O 11. Nb3 Be7 12. c4 Bd7 13. Bb2 Rfc8 14. Rac1 Be8 15. Ne5 a5 16. Nxc6 Bxc6 17. Nd4 Bxg2 18. Kxg2 a4 19. Nb5 Rd8 20. Kf3 Rac8 21. Ba3 Bxa3 22. Nxa3 Nd7 23. e3 g6 24. Ke2 Kf8 25. Rd2 f5 26. Rcd1 Ke7 27. f3 Rc5 28. Rb1 Rc7 29. Rb4 Ra8 30. Nb5 Rc6 31. Nd4 Rc7 32. Rdb2 Nc5 33. Nb5 Rc6 34. Nd4 Rc7 35. Rc2 Nd7 36. Nb5 Rc6 37. h3 h5 38. Rc3 Kf7 39. Ra3 Nc5 40. Rc3 Nd7 41. Rc1 Ke7 42. Na3 Rc7 43. Rd1 Ne5 44. Rdb1 b6 45. f4 Nd7 46. Nb5 Rc5 47. Na3 Rc7 48. Rg1 Rcc8 49. Rb2 Rh8 50. Nb5 Rac8 51. Rb4 Ra8 52. Nc3 a3 53. Nb5 Nc5 54. Nc3 Nd7 55. Rb3 Rac8 56. Nb5 Rxc4 57. Nxa3 Rc6 58. Rb2 Ra8 59. Nb5 Rac8 60. Rd1 Rc2+ 61. Rd2 Rxb2 62. Rxb2 Rc1 63. Kf2 Rh1 64. Kg2 Re1 65. Kf3 e5 66. Kf2 Rh1 67. Re2 e4 68. Kg2 Rd1 69. Nd4 Rc1 70. Rc2 Rxc2+ 71. Nxc2 Nc5 72. g4 Na4 73. gxh5 gxh5 74. Kg3 Kf6 75. Kh4 Kg6 76. Nb4 Nc3 77. a3 b5 78. Kg3 1/2-1/2

[Event "Isle of Wight International"]
[Site "Ryde"]
[Date "2025.02.18"]
[Round "2.49"]
[White "Schell, Finn"]
[Black "Looi, Xin Hao"]
[Result "1-0"]
[WhiteElo "1887"]
[BlackElo "2043"]
[PlyCount "53"]
[EventDate "2025.02.18"]
[EventType "swiss"]
[EventRounds "9"]
[EventCountry "ENG"]
[SourceTitle "BritBase"]
[Source "John Saunders"]
[SourceDate "2025.02.21"]
[SourceVersion "1"]
[SourceVersionDate "2025.02.21"]
[SourceQuality "1"]

1. e4 g6 2. d4 Bg7 3. Nc3 a6 4. f4 b5 5. Nf3 Bb7 6. Bd3 d6 7. a4 b4 8. Ne2 Nf6 9. e5 Nd5 10. c4 bxc3 11. bxc3 O-O 12. Be4 Ne3 13. Qd3 Nxg2+ 14. Kf2 d5 15. Bxg6 fxg6 16. Kxg2 Bc8 17. Ng3 Nc6 18. h4 Bg4 19. h5 Bxf3+ 20. Qxf3 Qd7 21. hxg6 hxg6 22. f5 gxf5 23. Qh5 Rf7 24. Qh7+ Kf8 25. Bh6 Ke8 26. Bxg7 Qe6 27. Rh6 1-0

[Event "Isle of Wight International"]
[Site "Ryde"]
[Date "2025.02.18"]
[Round "2.50"]
[White "Wicken, Jack"]
[Black "Waterfield, Mark"]
[Result "1/2-1/2"]
[WhiteElo "2043"]
[BlackElo "1892"]
[PlyCount "57"]
[EventDate "2025.02.18"]
[EventType "swiss"]
[EventRounds "9"]
[EventCountry "ENG"]
[SourceTitle "BritBase"]
[Source "John Saunders"]
[SourceDate "2025.02.21"]
[SourceVersion "1"]
[SourceVersionDate "2025.02.21"]
[SourceQuality "1"]

1. e4 e6 2. d4 d5 3. Nc3 Bb4 4. e5 c5 5. a3 Bxc3+ 6. bxc3 Qc7 7. Qg4 Ne7 8. Qxg7 Rg8 9. Qxh7 Nbc6 10. f4 cxd4 11. Ne2 dxc3 12. h4 d4 13. Qd3 Bd7 14. h5 O-O-O 15. h6 Rg6 16. h7 Rh8 17. Nxd4 Nxd4 18. Qxd4 Kb8 19. Be3 b6 20. O-O-O Bc6 21. Rh2 Nf5 22. Qxc3 Rg7 23. Bf2 Rhxh7 24. Rxh7 Rxh7 25. g4 Ne7 26. Bc4 Nd5 27. Bxd5 Bxd5 28. Qxc7+ Kxc7 29. Be3 1/2-1/2

[Event "Isle of Wight International"]
[Site "Ryde"]
[Date "2025.02.18"]
[Round "2.51"]
[White "Kennedy, Craig"]
[Black "Eagleton, Greg T"]
[Result "0-1"]
[WhiteElo "1879"]
[BlackElo "2042"]
[PlyCount "50"]
[EventDate "2025.02.18"]
[EventType "swiss"]
[EventRounds "9"]
[EventCountry "ENG"]
[SourceTitle "BritBase"]
[Source "John Saunders"]
[SourceDate "2025.02.21"]
[SourceVersion "1"]
[SourceVersionDate "2025.02.21"]
[SourceQuality "1"]

1. e4 c5 2. Nc3 Nc6 3. g3 g6 4. Bg2 Bg7 5. d3 d6 6. Be3 Nf6 7. h3 Rb8 8. f4 O-O 9. Nf3 b5 10. O-O b4 11. Ne2 Nd7 12. c3 bxc3 13. bxc3 Qa5 14. d4 cxd4 15. cxd4 Ba6 16. Re1 Rfc8 17. d5 Nb4 18. Ned4 Nc5 19. Bd2 Qc7 20. Bxb4 Rxb4 21. Bf1 Nd3 22. Bxd3 Bxd4+ 23. Kh1 Bxd3 24. Qxd3 Bxa1 25. Rxa1 Qc3 0-1

[Event "Isle of Wight International"]
[Site "Ryde"]
[Date "2025.02.18"]
[Round "2.52"]
[White "Sanitt, Ethan"]
[Black "Smith, Steve"]
[Result "1-0"]
[WhiteElo "2040"]
[BlackElo "1867"]
[PlyCount "71"]
[EventDate "2025.02.18"]
[EventType "swiss"]
[EventRounds "9"]
[EventCountry "ENG"]
[SourceTitle "BritBase"]
[Source "John Saunders"]
[SourceDate "2025.02.21"]
[SourceVersion "1"]
[SourceVersionDate "2025.02.21"]
[SourceQuality "1"]

1. c4 e5 2. g3 Nc6 3. Nc3 f5 4. Nf3 Nf6 5. d4 e4 6. Nh4 d6 7. Ng2 Be7 8. Nf4 O-O 9. h4 Qe8 10. e3 Nd8 11. Qb3 c6 12. a4 Rb8 13. d5 c5 14. Nb5 a6 15. Nc7 Qd7 16. Qb6 Ne8 17. Nce6 Rf6 18. Qa7 Rxe6 19. dxe6 Qc7 20. Nd5 Nc6 21. Nxc7 Nxa7 22. Nxe8 Bxe6 23. Nc7 Bf7 24. Bd2 Nc6 25. Bc3 Bd8 26. Nd5 b5 27. axb5 axb5 28. cxb5 Bxd5 29. bxc6 Bxc6 30. Ra6 Rc8 31. Be2 d5 32. O-O Be7 33. Rfa1 Kf7 34. Ra7 Rb8 35. Be5 Rb4 36. Bd6 1-0

[Event "Isle of Wight International"]
[Site "Ryde"]
[Date "2025.02.18"]
[Round "2.53"]
[White "Ward, Cian"]
[Black "Walton, Alan J"]
[Result "1/2-1/2"]
[WhiteElo "1866"]
[BlackElo "2034"]
[PlyCount "27"]
[EventDate "2025.02.18"]
[EventType "swiss"]
[EventRounds "9"]
[EventCountry "ENG"]
[SourceTitle "BritBase"]
[Source "John Saunders"]
[SourceDate "2025.02.21"]
[SourceVersion "1"]
[SourceVersionDate "2025.02.21"]
[SourceQuality "1"]

1. e4 e6 2. d4 d5 3. Nd2 a6 4. Ngf3 Nf6 5. Bd3 c5 6. exd5 exd5 7. dxc5 Bxc5 8. Nb3 Qe7+ 9. Qe2 Qxe2+ 10. Bxe2 Ba7 11. Bd3 O-O 12. O-O Nc6 13. c3 Bg4 14. Nfd4 1/2-1/2

[Event "Isle of Wight International"]
[Site "Ryde"]
[Date "2025.02.18"]
[Round "2.54"]
[White "Ng, Jun Fung Isaac"]
[Black "Sui, Yueyue"]
[Result "1-0"]
[WhiteElo "2034"]
[BlackElo "1805"]
[PlyCount "81"]
[EventDate "2025.02.18"]
[EventType "swiss"]
[EventRounds "9"]
[EventCountry "ENG"]
[SourceTitle "BritBase"]
[Source "John Saunders"]
[SourceDate "2025.02.21"]
[SourceVersion "1"]
[SourceVersionDate "2025.02.21"]
[SourceQuality "1"]

1. c4 Nf6 2. Nc3 e6 3. d4 d5 4. cxd5 Nxd5 5. g3 c5 6. Bg2 cxd4 7. Nxd5 exd5 8. Qxd4 Be6 9. Nf3 Nc6 10. Qa4 Qa5+ 11. Qxa5 Nxa5 12. Bd2 Nc6 13. O-O Be7 14. Bc3 O-O 15. Rfd1 Rfd8 16. Rd2 Bb4 17. Bxb4 Nxb4 18. Nd4 Nc6 19. Nxc6 bxc6 20. Rc1 Rac8 21. Rc5 Kf8 22. Ra5 Rc7 23. b4 Rb8 24. a3 c5 25. Rc2 Rbc8 26. bxc5 Rb8 27. h3 Rb1+ 28. Kh2 Ke7 29. g4 g5 30. Bf3 Kf6 31. e3 Ke5 32. c6 Rb6 33. Bxd5 Bxd5 34. Rd2 f6 35. Raxd5+ Ke6 36. Rd6+ Ke5 37. R2d4 Rb2 38. Kg3 Rb3 39. Kf3 Rb5 40. Rd7 Rxc6 41. Re4# 1-0

[Event "Isle of Wight International"]
[Site "Ryde"]
[Date "2025.02.18"]
[Round "2.55"]
[White "Vashisht-Pigem, Raman"]
[Black "Chilton, James I"]
[Result "1-0"]
[WhiteElo "2023"]
[BlackElo "1799"]
[PlyCount "105"]
[EventDate "2025.02.18"]
[EventType "swiss"]
[EventRounds "9"]
[EventCountry "ENG"]
[SourceTitle "BritBase"]
[Source "John Saunders"]
[SourceDate "2025.02.21"]
[SourceVersion "1"]
[SourceVersionDate "2025.02.21"]
[SourceQuality "1"]

1. e4 c5 2. Nf3 d6 3. Bb5+ Bd7 4. Bxd7+ Nxd7 5. O-O Ngf6 6. Qe2 e6 7. c3 Be7 8. d4 O-O 9. e5 Nd5 10. c4 N5b6 11. Rd1 Qc7 12. Nc3 cxd4 13. exd6 Bxd6 14. Nb5 Qb8 15. Nxd6 Qxd6 16. Rxd4 Qe7 17. Be3 e5 18. Rd2 Rac8 19. b3 Rfe8 20. h3 f5 21. Re1 Nc5 22. Red1 Ne4 23. Rc2 Qb4 24. Qe1 Qxe1+ 25. Rxe1 Nd5 26. Bd2 Ndf6 27. Ng5 Nxd2 28. Rxd2 h6 29. Nf3 Rc5 30. Rd6 Kh7 31. Nd2 e4 32. b4 Rce5 33. c5 e3 34. fxe3 Rxe3 35. Rxe3 Rxe3 36. a4 f4 37. Rd4 g5 38. Nc4 Re1+ 39. Kf2 Ra1 40. Nd6 Rxa4 41. Nxb7 Ra2+ 42. Kf1 Nh5 43. c6 Ng3+ 44. Ke1 Re2+ 45. Kd1 Rxg2 46. c7 Rg1+ 47. Kc2 Ne2 48. Rd7+ Kg6 49. Nc5 Rc1+ 50. Kb2 f3 51. c8=Q f2 52. Rd6+ Kh5 53. Qg4# 1-0

[Event "Isle of Wight International"]
[Site "Ryde"]
[Date "2025.02.18"]
[Round "2.56"]
[White "Jacobs, Simon"]
[Black "Bharat Kumar, Balahari"]
[Result "0-1"]
[WhiteElo "1775"]
[BlackElo "2022"]
[PlyCount "43"]
[EventDate "2025.02.18"]
[EventType "swiss"]
[EventRounds "9"]
[EventCountry "ENG"]
[SourceTitle "BritBase"]
[Source "John Saunders"]
[SourceDate "2025.02.21"]
[SourceVersion "1"]
[SourceVersionDate "2025.02.21"]
[SourceQuality "1"]

1. e4 c5 2. Be2 Nc6 3. d3 g6 4. f4 Bg7 5. Nf3 d6 6. O-O e6 7. c3 Nge7 8. Be3 O-O 9. d4 cxd4 10. cxd4 f5 11. e5 Nd5 12. Bc1 dxe5 13. dxe5 Qb6+ 14. Kh1 Ne3 15. Bxe3 Qxe3 16. Qd2 Qb6 17. Qc3 Rd8 18. Nbd2 Bf8 19. Rad1 Nb4 20. Qb3 Nd5 21. Qxb6 axb6 22. Ra1 0-1

[Event "Isle of Wight International"]
[Site "Ryde"]
[Date "2025.02.18"]
[Round "2.57"]
[White "Pick, Freddie"]
[Black "Li, Harvey"]
[Result "1-0"]
[WhiteElo "1994"]
[BlackElo "1766"]
[PlyCount "127"]
[EventDate "2025.02.18"]
[EventType "swiss"]
[EventRounds "9"]
[EventCountry "ENG"]
[SourceTitle "BritBase"]
[Source "John Saunders"]
[SourceDate "2025.02.21"]
[SourceVersion "1"]
[SourceVersionDate "2025.02.21"]
[SourceQuality "1"]

1. e4 e6 2. d4 d5 3. Nd2 c5 4. exd5 Qxd5 5. Ngf3 cxd4 6. Bc4 Qd6 7. O-O Nf6 8. Nb3 Nc6 9. Nbxd4 Nxd4 10. Nxd4 a6 11. Re1 Qc7 12. Bb3 Bd6 13. Nf5 Bxh2+ 14. Kh1 O-O 15. Nxg7 Rd8 16. Qf3 Kxg7 17. Bh6+ Kg6 18. c3 Nh5 19. Bc1 Bf4 20. g4 Ng3+ 21. fxg3 Bxc1 22. Bc2+ Kg7 23. Raxc1 Bd7 24. Qe3 Bc6+ 25. Kh2 h6 26. Rcd1 Qa5 27. a4 Qg5 28. Qf4 Rac8 29. Rxd8 Rxd8 30. Rd1 Rd5 31. Rxd5 Qxd5 32. Qd4+ Qxd4 33. cxd4 Bf3 34. Kg1 Bxg4 35. Be4 b6 36. Kf2 f5 37. Bb7 a5 38. Ke3 Kf6 39. Kf4 Ke7 40. Ke5 Kd7 41. Ba6 Bf3 42. Bc4 Kc6 43. Bxe6 h5 44. Bxf5 Bd1 45. Ke6 Bb3+ 46. Ke7 Bd5 47. Bd7+ Kc7 48. Be8 Bf3 49. d5 Bxd5 50. Bxh5 Kc6 51. Bf7 Bf3 52. Be6 Kc5 53. g4 Kb4 54. b3 b5 55. g5 Be4 56. Bd7 bxa4 57. bxa4 Bc2 58. Kf6 Bxa4 59. Bxa4 Kxa4 60. g6 Kb3 61. g7 a4 62. g8=Q+ Kb2 63. Qb8+ Kc3 64. Qb1 1-0

[Event "Isle of Wight International"]
[Site "Ryde"]
[Date "2025.02.18"]
[Round "2.58"]
[White "Westcott, Dale"]
[Black "Hagesaether, Arne"]
[Result "1-0"]
[WhiteElo "1770"]
[BlackElo "1993"]
[PlyCount "91"]
[EventDate "2025.02.18"]
[EventType "swiss"]
[EventRounds "9"]
[EventCountry "ENG"]
[SourceTitle "BritBase"]
[Source "John Saunders"]
[SourceDate "2025.02.21"]
[SourceVersion "1"]
[SourceVersionDate "2025.02.21"]
[SourceQuality "1"]

1. Nf3 d5 2. g3 Nf6 3. Bg2 g6 4. O-O Bg7 5. c4 d4 6. d3 O-O 7. Nbd2 Re8 8. b4 a5 9. b5 h6 10. a4 e5 11. Nb3 e4 12. dxe4 Nxe4 13. Bb2 Be6 14. Bxd4 Bxc4 15. Bxg7 Qxd1 16. Rfxd1 Kxg7 17. Nbd4 c5 18. bxc6 bxc6 19. e3 Bd5 20. Nd2 c5 21. Nb5 Re7 22. Nxe4 Bxe4 23. Bxe4 Rxe4 24. Rd8 Re7 25. Rad1 Rb7 26. Rc8 Ra6 27. Rxc5 Rc6 28. Rdc1 Rxc5 29. Rxc5 Nd7 30. Rc6 Nb6 31. Nc3 Kf8 32. Rc5 Ra7 33. Rb5 Ra6 34. Kg2 Nd7 35. Nd5 Ra7 36. f4 f5 37. Kf3 Ra6 38. h3 Rc6 39. Rxa5 Rc4 40. Ra8+ Kf7 41. Ra7 Ke6 42. Rxd7 Rxa4 43. Rd8 Rc4 44. Nb6 Rc6 45. Rb8 Kd6 46. Na4 1-0

[Event "Isle of Wight International"]
[Site "Ryde"]
[Date "2025.02.18"]
[Round "2.59"]
[White "Sasikumar, Srivathsan"]
[Black "Pai, Sidhanth"]
[Result "0-1"]
[WhiteElo "1992"]
[BlackElo "1746"]
[PlyCount "68"]
[EventDate "2025.02.18"]
[EventType "swiss"]
[EventRounds "9"]
[EventCountry "ENG"]
[SourceTitle "BritBase"]
[Source "John Saunders"]
[SourceDate "2025.02.21"]
[SourceVersion "1"]
[SourceVersionDate "2025.02.21"]
[SourceQuality "1"]

1. e4 c5 2. Nf3 e6 3. d4 cxd4 4. Nxd4 a6 5. c3 Qc7 6. Be3 Nf6 7. Nd2 Be7 8. Bd3 d6 9. h3 Nbd7 10. O-O b6 11. Rc1 Bb7 12. b4 d5 13. exd5 Nxd5 14. Qe1 O-O 15. Ne4 Rac8 16. f4 Nxe3 17. Qxe3 Nf6 18. a3 Rfd8 19. Qe2 b5 20. Ng5 Qb6 21. Kh1 h6 22. Ne4 Nd5 23. Nb3 Qc7 24. Nec5 Bxc5 25. Nxc5 Nxf4 26. Rxf4 Qxf4 27. Rf1 Qg3 28. Bb1 Bc6 29. Kg1 Qxc3 30. Nxe6 Rd2 31. Bh7+ Kxh7 32. Ng5+ Kg8 33. Qh5 Rxg2+ 34. Kh1 Rxg5+ 0-1

[Event "Isle of Wight International"]
[Site "Ryde"]
[Date "2025.02.18"]
[Round "2.60"]
[White "Mokhber-Garcia, Sebastian"]
[Black "Mittal, Advik"]
[Result "1-0"]
[WhiteElo "1974"]
[BlackElo "1732"]
[PlyCount "87"]
[EventDate "2025.02.18"]
[EventType "swiss"]
[EventRounds "9"]
[EventCountry "ENG"]
[SourceTitle "BritBase"]
[Source "John Saunders"]
[SourceDate "2025.02.21"]
[SourceVersion "1"]
[SourceVersionDate "2025.02.21"]
[SourceQuality "1"]

1. e4 e5 2. Nf3 Nc6 3. Bc4 Bc5 4. c3 Nf6 5. d3 d6 6. O-O Bg4 7. b4 Bb6 8. Nbd2 O-O 9. h3 Bh5 10. Re1 Re8 11. Nf1 d5 12. exd5 Nxd5 13. Bd2 Nf4 14. Ng3 Bg6 15. Bxf4 exf4 16. Rxe8+ Qxe8 17. Ne2 Ne5 18. Nxf4 Nxc4 19. dxc4 Rd8 20. Qe1 c6 21. c5 Bc7 22. Qxe8+ Rxe8 23. Nxg6 hxg6 24. Kf1 f6 25. a4 Rd8 26. Ke2 Kf7 27. Nd4 Be5 28. Kd3 Rd5 29. Kc4 a6 30. b5 Bxd4 31. cxd4 axb5+ 32. axb5 Rd7 33. bxc6 bxc6 34. Ra6 Rc7 35. d5 cxd5+ 36. Kxd5 Ke7 37. c6 g5 38. Rb6 Kd8 39. Rb8+ Ke7 40. Rb7 Kd8 41. Kd6 Rxc6+ 42. Kxc6 Ke8 43. Rxg7 Kf8 44. Ra7 1-0

[Event "Isle of Wight International"]
[Site "Ryde"]
[Date "2025.02.18"]
[Round "2.61"]
[White "Rzepka, Marcin"]
[Black "Skettos, Nicolas"]
[Result "0-1"]
[WhiteElo "1750"]
[BlackElo "1966"]
[PlyCount "50"]
[EventDate "2025.02.18"]
[EventType "swiss"]
[EventRounds "9"]
[EventCountry "ENG"]
[SourceTitle "BritBase"]
[Source "John Saunders"]
[SourceDate "2025.02.21"]
[SourceVersion "1"]
[SourceVersionDate "2025.02.21"]
[SourceQuality "1"]

1. Nf3 Nf6 2. g3 b5 3. d4 e6 4. Bg2 Bb7 5. O-O c5 6. c3 Be7 7. Nbd2 O-O 8. dxc5 Bxc5 9. Nb3 Bb6 10. Nbd4 a6 11. a4 bxa4 12. Rxa4 d5 13. Rb4 Nbd7 14. Ra4 Re8 15. Re1 Nc5 16. Ra1 Nce4 17. Ng5 Nxf2 18. Kxf2 e5 19. e3 exd4 20. exd4 h6 21. Nf3 Rxe1 22. Qxe1 Ne4+ 23. Kg1 Qf6 24. Qf1 a5 25. Ne5 Qxe5 0-1

[Event "Isle of Wight International"]
[Site "Ryde"]
[Date "2025.02.19"]
[Round "3.1"]
[White "Houska, Jovanka"]
[Black "Cheng, Bobby Sky"]
[Result "1/2-1/2"]
[WhiteElo "2344"]
[BlackElo "2594"]
[PlyCount "76"]
[EventDate "2025.02.18"]
[EventType "swiss"]
[EventRounds "9"]
[EventCountry "ENG"]
[SourceTitle "BritBase"]
[Source "John Saunders"]
[SourceDate "2025.02.21"]
[SourceVersion "1"]
[SourceVersionDate "2025.02.21"]
[SourceQuality "1"]

1. d4 Nf6 2. Nf3 c5 3. c3 d5 4. Bf4 Nc6 5. e3 Nh5 6. Bg3 Nxg3 7. hxg3 e6 8. Nbd2 g6 9. Bd3 Qb6 10. Rb1 a5 11. Qe2 Bg7 12. dxc5 Qxc5 13. e4 O-O 14. Nb3 Qb6 15. exd5 exd5 16. Qe3 Qxe3+ 17. fxe3 a4 18. Nbd4 a3 19. b4 Nxd4 20. Nxd4 Be5 21. Kf2 Rd8 22. Be2 Rd6 23. Bf3 Rf6 24. Ke2 Rd6 25. g4 Bd7 26. Kd2 Kg7 27. g5 f6 28. gxf6+ Bxf6 29. Rb3 h5 30. Be2 Bg5 31. Bd3 Rf6 32. Rf1 Re8 33. Rxf6 Bxe3+ 34. Kc2 Kxf6 35. Rxa3 Rc8 36. Kb3 Bg4 37. Ra7 Bd2 38. Nb5 Rb8 1/2-1/2

[Event "Isle of Wight International"]
[Site "Ryde"]
[Date "2025.02.19"]
[Round "3.2"]
[White "Bogner, Sebastian"]
[Black "Fischer, Daniel"]
[Result "1/2-1/2"]
[WhiteElo "2540"]
[BlackElo "2341"]
[PlyCount "93"]
[EventDate "2025.02.18"]
[EventType "swiss"]
[EventRounds "9"]
[EventCountry "ENG"]
[SourceTitle "BritBase"]
[Source "John Saunders"]
[SourceDate "2025.02.21"]
[SourceVersion "1"]
[SourceVersionDate "2025.02.21"]
[SourceQuality "1"]

1. d4 Nf6 2. g3 e6 3. c4 c5 4. d5 exd5 5. cxd5 d6 6. Nc3 g6 7. Bg2 Bg7 8. Nf3 O-O 9. O-O Re8 10. h3 Bd7 11. a4 Ne4 12. Nxe4 Rxe4 13. Nd2 Rb4 14. Ra2 Na6 15. b3 b5 16. axb5 Nc7 17. Nc4 Nxb5 18. Bd2 a5 19. e3 Ra6 20. Qc2 h5 21. h4 Bf5 22. e4 Nd4 23. Qd1 Bc8 24. Bxb4 axb4 25. Rxa6 Bxa6 26. Qd3 Bxc4 27. Qxc4 Qa5 28. f4 Qa2 29. e5 Qd2 30. exd6 Nf5 31. d7 Bd4+ 32. Qxd4 Qxd4+ 33. Kh2 Qf6 34. Re1 Kg7 35. Re8 Nh6 36. Bf3 Qd4 37. d8=Q Qf2+ 38. Bg2 Ng4+ 39. Kh3 Qg1 40. Rg8+ Kh7 41. Rh8+ Kg7 42. Qf8+ Kf6 43. Qd8+ Kg7 44. Rg8+ Kh7 45. Rh8+ Kg7 46. Qg8+ Kf6 47. Qd8+ 1/2-1/2

[Event "Isle of Wight International"]
[Site "Ryde"]
[Date "2025.02.19"]
[Round "3.3"]
[White "Ghasi, Ameet K"]
[Black "Kreken, Eivind Grunt"]
[Result "1/2-1/2"]
[WhiteElo "2506"]
[BlackElo "2285"]
[PlyCount "55"]
[EventDate "2025.02.18"]
[EventType "swiss"]
[EventRounds "9"]
[EventCountry "ENG"]
[SourceTitle "BritBase"]
[Source "John Saunders"]
[SourceDate "2025.02.21"]
[SourceVersion "1"]
[SourceVersionDate "2025.02.21"]
[SourceQuality "1"]

1. c4 e6 2. Nf3 d5 3. d4 c5 4. cxd5 exd5 5. g3 Nf6 6. Bg2 Nc6 7. O-O Be7 8. Nc3 O-O 9. dxc5 Bxc5 10. Na4 Be7 11. Be3 Bg4 12. h3 Bxf3 13. exf3 d4 14. Bg5 h6 15. Bxf6 Bxf6 16. f4 Be7 17. Bxc6 bxc6 18. Qd3 Qd5 19. Rfe1 Bf6 20. b3 Rfe8 21. Rac1 Rad8 22. h4 Qb5 23. Qxb5 cxb5 24. Nc5 Rxe1+ 25. Rxe1 Rc8 26. Nd7 d3 27. Rd1 Rc3 28. Ne5 1/2-1/2

[Event "Isle of Wight International"]
[Site "Ryde"]
[Date "2025.02.19"]
[Round "3.4"]
[White "Bezuidenhout, Roland"]
[Black "Plat, Vojtech"]
[Result "1/2-1/2"]
[WhiteElo "2283"]
[BlackElo "2459"]
[PlyCount "139"]
[EventDate "2025.02.18"]
[EventType "swiss"]
[EventRounds "9"]
[EventCountry "ENG"]
[SourceTitle "BritBase"]
[Source "John Saunders"]
[SourceDate "2025.02.21"]
[SourceVersion "1"]
[SourceVersionDate "2025.02.21"]
[SourceQuality "1"]

1. c4 e5 2. g3 g6 3. Bg2 Bg7 4. Nc3 Ne7 5. d3 Nbc6 6. e3 d6 7. Nge2 O-O 8. O-O Be6 9. Nd5 Rb8 10. Nec3 a6 11. b3 Nf5 12. Rb1 b5 13. Qe2 b4 14. Na4 Na7 15. a3 a5 16. axb4 c6 17. Ndc3 axb4 18. Ne4 Nc8 19. Bb2 Re8 20. f4 d5 21. Nec5 exf4 22. Bxg7 Nxg7 23. Rxf4 Nd6 24. Qf2 g5 25. Nxe6 fxe6 26. Rf3 Qe7 27. Rf1 Rbd8 28. c5 Ndf5 29. g4 Nh6 30. h3 Rf8 31. d4 Rxf3 32. Qxf3 Nf7 33. Nb2 Nh8 34. Nd3 Ng6 35. Qf6 Qxf6 36. Rxf6 Ne7 37. Ne5 Ra8 38. Nf7 Ra1+ 39. Kh2 Ng6 40. Nxg5 Ra2 41. Kg3 Re2 42. e4 Rb2 43. exd5 cxd5 44. Bf3 Rxb3 45. Nxe6 Rd3 46. c6 Nxe6 47. Rxe6 Rc3 48. Rd6 Ne7 49. Kf4 Ng6+ 50. Kg3 Ne7 51. Kf2 b3 52. Bxd5+ Nxd5 53. Rxd5 Rxc6 54. Rb5 Rc3 55. h4 Rd3 56. d5 b2 57. Rxb2 Rxd5 58. Kg3 Rd7 59. Kf4 Kg7 60. Rb5 Rf7+ 61. Rf5 Ra7 62. Kg5 h6+ 63. Kh5 Rb7 64. Rc5 Ra7 65. Rc6 Ra5+ 66. g5 hxg5 67. hxg5 Ra7 68. Rg6+ Kh7 69. Rh6+ Kg7 70. Rg6+ 1/2-1/2